Zákon o štátnej službe

Zákon č. 400/2009 Z.z. o štátnej službe účinný od 1. novembra 2009. Úpravy v novom zákone. Prijatie občana do štátnej služby. Podmienky prijatia. Základné pojmy. Služobné predpisy. Výberové konanie. Vznik štátnozamestnaneckého pomeru. Služobná zmluva. Skúšobná doba. Zmena štátno zamestnaneckého pome...

Ausführliche Beschreibung

Gespeichert in:
Bibliographische Detailangaben
1. Verfasser: Kováčiková, Eva
Format: Buchkapitel
Sprache:Slowakisch
Schlagworte:
Tags: Tag hinzufügen
Keine Tags, Fügen Sie das erste Tag hinzu!

MARC

LEADER 00000naa$a2200000$$$4500
001 0108544
005 20231120114321.0
041 0 |a slo 
044 |a SK 
245 1 0 |a Zákon o štátnej službe  |c Eva Kováčiková 
520 |a Zákon č. 400/2009 Z.z. o štátnej službe účinný od 1. novembra 2009. Úpravy v novom zákone. Prijatie občana do štátnej služby. Podmienky prijatia. Základné pojmy. Služobné predpisy. Výberové konanie. Vznik štátnozamestnaneckého pomeru. Služobná zmluva. Skúšobná doba. Zmena štátno zamestnaneckého pomeru. Ukončenie štátnozamestnaneckého pomeru. Zákaz podnikania. Majetkové priznanie. Vzdelávanie štátnych zamestnancov. Plat, služobný čas, dovolenka, služobné voľno, náhrada škody. 
610 2 0 |a služba štátna 
610 2 0 |a zákony 
610 2 0 |a zamestnanci štátni 
610 2 0 |a výber pracovníkov 
610 2 0 |a pomer pracovný 
610 2 0 |a platy 
610 2 0 |a dovolenka 
610 2 0 |a voľno pracovné 
100 1 |a Kováčiková, Eva